000 00670nam a2200181 a 4500
005 20251204064006.0
008 991125s1949 mx 000 0 spa u
035 _aUPN01000002532
049 _aSEP
050 4 _aL227 D71
_bB3 1949
110 2 _aInstituto Nacional de Antropología e Historia (México)
245 1 0 _aAnales del Instituto Nacional de Antropología e Historia :
_btomo III : 1947-1948 /
_cInstituto Nacional de Antropología e Historia.
260 _aMéxico :
_bINAH :
_bSEP,
_c1949.
300 _a217 p. :
_bil.
610 2 4 _aINSTITUTO NACIONAL DE ANTROPOLOGIA E HISTORIA (MEXICO) -
_vANUARIOS
650 4 _aCronología histórica
_911749
905 _aLibro
999 _c2532
_d2532